000 01148nam a2200265 i 4500
001 bg
100 1 _aGAWLIKOWSKA, Elżbieta
245 1 0 _aOchrona georóżnorodności na Dolnym Śląsku z mapą chronionych obszarów i obiektów przyrody nieożywionej 1 : 300000 =
_bGeodiversity conservation of the Lower Silesia with map of protected areas and objects of inanimated nature 1 : 300000 /
_cElżbieta Gawlikowska ; Państwowy Instytut Geologiczny.
260 _aWarszawa :
_bWydaw. Kartograficzne Polskiej Agencji Ekologicznej,
_c2000.
300 _a72 s., [1] k. tabl. luz. złoż. :
_bfot., 1 mapa kolor. ;
_c24 cm.
500 _aStreszcz. ang.
504 _aBibliogr. s. 63-65.
650 9 _aRezerwaty i parki narodowe
_xgeologia
_zPolska
650 9 _aPomniki przyrody
_zPolska
650 9 _aPolska
_xgeologia
651 9 _aDolnośląskie, województwo
_xprzyroda
020 _a8386986476
040 _cBPK
041 0 _apl
_ben
080 _a911/912(438):502.6
920 _a83-86986-47-6
942 _cKS
008 s pl f |000 0 pol
999 _c38979
_d38979
856 _uhttp://koha.tu.koszalin.pl/cgi-bin/koha/opac-detail.pl?biblionumber=38979
_yKatalog online BPK